My Little Pony - Light of Your Cutie Mark - Lyrics Quiz - Statistics

General Stats
  • This quiz has been taken 29 times
  • The average score is 151 of 193
Answer Stats
Character Lyrics % Correct
be
92%
Crusaders,
92%
Diamond Tiara Cutie
92%
cutie
92%
Mark
92%
mark
92%
No
92%
not
92%
of
92%
the
92%
wa-a-ay
92%
way
92%
way,
92%
a
85%
all
85%
And
85%
better
85%
Diamond
85%
diamond -
85%
do
85%
don't
85%
Don't
85%
get
85%
I
85%
in
85%
is
85%
it
85%
know
85%
me
85%
mean
85%
my
85%
never
85%
out
85%
so
85%
Cutie Mark Crusaders Stop!
85%
stop
85%
than
85%
that
85%
this
85%
This
85%
Tiara,
85%
to
85%
truth
85%
We
85%
You
85%
you
85%
anything
77%
at
77%
being
77%
break
77%
by
77%
can
77%
even
77%
Fail
77%
from
77%
if
77%
I'm
77%
it's
77%
meaning
77%
means
77%
ponies
77%
See
77%
see
77%
there's
77%
There's
77%
understand
77%
Wait!
77%
want
77%
What
77%
what
77%
your
77%
you're
77%
answer
69%
But
69%
end
69%
ever
69%
family
69%
friends
69%
have
69%
hear
69%
helping
69%
hostility
69%
Learn
69%
light
69%
much
69%
need
69%
others,
69%
plainly
69%
shines
69%
they'll
69%
too
69%
want
69%
win
69%
yourself
69%
about
62%
admire
62%
another
62%
cost
62%
else
62%
left
62%
Listen!
62%
matter
62%
power
62%
right
62%
seen
62%
star
62%
still
62%
take
62%
Those
62%
who
62%
with
62%
would
62%
you'll
62%
You'll
62%
dark
54%
fall
54%
finally
54%
free
54%
path
54%
somepony
54%
start
54%
think
54%
try
54%
Whatever
46%
redeem
38%
No matching quizzes found
Score Distribution
Percent of People with Each Score
Percentile by Number Answered
Your Score History
You have not taken this quiz